Регионална библиотека "Любен Каравелов" - Русе

Брилянтният лидер (Запис номер 134069)

MARC детайли
000 -Лидер
Контролно поле с фиксирана дължина 01788nam a2200385 c 4500
003 - Код на организацията, давaща контролен номер
Контролно поле BLK
005 - Дата и час на последна редакция
Контролно поле 20231023150410.0
008 - Елементи от данни с фиксирана дължина
fixed length control field 180409b bul|||||r ||||||| ||bul||
010 ## - Наследен системен номер
LC control number KNG00139976000
020 ## - Международен стандартен номер на книга ISBN
Международен стандартен номер на книга ISBN 978-954-9877-26-7
-- издат.: Амат-Ах
040 ## - Източник на каталожния запис
Идентификатор на билиотеката - собственик на записа BLK
041 ## - Код за език
Код за езика на текст/звукозапис или на отделно заглавие Български
Код за езика КДБФ Български
072 #7 - Код за тематичната категория
Код организация bullib
Код за тематична категория Н33
Текст Икономика Н
080 ## - УДК
Текстов определител УДК Икономическа психология. Икономическо поведение. Физиологични и психологични елементи. Интереси. Икономически дух
УДК код - определител по УДК 330.16
УДК определител
УДК - код + определител 330.16
100 1# - Редна дума - Автор
Автор Купър, Саймън
Авторска отговорност първи автор
R(LIN) 324240
139 ## - Редно поле
Редна дума Купър, Саймън
Авторски знак Куп - К 94
245 10 - Сведения за заглавието
Заглавие Брилянтният лидер
Подзаглавни данни Онова, което знаят, правят и казват най-добрите лидери
Редно поле (дума) Саймън Купър; прев. Евгения Мирo.
257 ## - Страна на издаване
Страна на създаване/издаване Великобритания
260 ## - Област на издателските данни
-- София
Име на издателя, разпространителя и проч. Амат-Ах
Година на издаване 2011
Печатница София : Скала
300 ## - Физическа характеристика
Страници 192 с.
Размери/Мащаб 20 см
380 ## - Жанр
Жанр Обществени науки
500 ## - Общи забележки
Забележка Ориг. загл. Brilliant Leader / Simon Cooper. - Името на прев. отбелязано на гърба на предзагл. с. - Библиогр. с. 187. - Азб. показалец.
650 #4 - Допълнително описание по предмет – тема
Основно описание – тема или топоним Лидерство
9 (RLIN) 160414
650 #4 - Допълнително описание по предмет – тема
Основно описание – тема или топоним Икономическо поведение
9 (RLIN) 245306
653 ## - Ключова дума – ненормативна
Ключова дума лидерство
653 ## - Ключова дума – ненормативна
Ключова дума икономическо поведение
659 ## - Тематичен бюлетин
Тематичен бюлетин Н
700 1# - Други автори (авторска отговорност)
Лично име Мирo, Евгения
Автороска отговорност (Описва отношението между автора и произведението) прев.
9 (RLIN) 324241
852 ## - Местоположение
Форматна сигнатура Цб 258483
856 4# - Електронен адрес и достъп
Електронен формат pdf - файл
Път до файла /url/
856 4# - Електронен адрес и достъп
Електронен формат pdf - файл
Път до файла /url/
942 ## - АРТИКУЛИ
Вид на библиотечния материал Книги
Скрит в OPAC Не
Koha issues (borrowed), all copies 4
944 ## - СЪЗДАВАНЕ И РЕДАКЦИЯ на ЗАПИСА
Създаване/Редакция Създаване
Дата на регистрацията/редакция 25.02.2013
Статус, дата на статуса Мартин Енчев
Служител, извършил регистрацията/редакцията 30575
944 ## - СЪЗДАВАНЕ И РЕДАКЦИЯ на ЗАПИСА
Създаване/Редакция Редакция
Дата на регистрацията/редакция 21.06.2013
Статус, дата на статуса ф /
Служител, извършил регистрацията/редакцията
999 ## - СИСТЕМНИ КОНТРОЛНИ НОМЕРА
Koha biblionumber 134069
Koha biblioitemnumber 134069
Наличности
Код за отписване Код за изгубен артикул Код за повреда Коз за рестрикции Код за отдаване Артикулен № Име на библиотеката - собственик Име на библиотеката, в която се намира в момента Статус (Текущо местоположение) Дата на вписване в системата Местоположение - отдел Цена в лева Инвентарен номер Систематично азбучна сигнатура Баркод Номер на екземпляра Цена в евро Служебна бележка Служебен тип на артикула
  Не е изгубен Не е повреден без рестрикции ползва се в читалня 218837 Регионална библиотека "Любен Каравелов" Русе Регионална библиотека "Любен Каравелов" Русе Хранилище 2013-02-21 Хранилище 16.40 120000764332 Цб 258483 120000764332 1 8.39 Дост: Dp Вид: Д N: 45 Дата: 02.11.2011 Книги
  Не е изгубен Не е повреден без рестрикции заемане за дома 218838 Регионална библиотека "Любен Каравелов" Русе Регионална библиотека "Любен Каравелов" Русе Заемна - подръчен фонд 2013-05-20 Заемна - подръчен фонд 16.40 120000766006 П 330.16/К 94 120000766006 2 8.39 Дост: DA Вид: А N: 5 Дата: 20.05.2013 Дата инв: 06.02.2018 Бележки инв: П2018 Книги
Vip Innovations Ltd, Rousse, Bulgaria 2025